Športové centrum

Enregistré dans:
Détails bibliographiques
Auteur principal: Holečková, Stanislava (Auteur)
Autres auteurs: Bielek, Boris (Directeur de thèse)
Format: Manuscrit Livre
Langue:slovaque
Publié: 2019
Sujets:
Accès en ligne:http://is.stuba.sk/zp/portal_zp.pl?podrobnosti=144824
https://opac.crzp.sk/?fn=detailBiblioForm&sid=3BEC39B52C756B70CD0411A5CC71
Tags: Ajouter un tag
Pas de tags, Soyez le premier à ajouter un tag!

MARC

LEADER 00000ntm a22000003a 4500
001 stuzp72661
003 SK-STU
005 20230531095056.3
007 ta
008 150427s2015----xo-----f-mn---000-0-slo-d
040 |a STU  |b slo 
041 0 |a slo 
100 1 |a Holečková, Stanislava  |u 010180  |k Z4  |4 aut  |U SvF Stavebná fakulta  |T SvF Katedra konštrukcií pozemných stavieb  |X 55642  |U V180  |Y 18  |7 55642 
242 0 1 |a Sport center  |y eng 
245 1 0 |a Športové centrum 
260 |c 2019 
650 4 |a fitness  |2 slo 
650 4 |a wellness  |2 slo 
650 4 |a väzník z LLD  |2 slo 
650 4 |a vláknocement  |2 slo 
650 4 |a sieťovina  |2 slo 
650 4 |a športová hala  |2 slo 
650 4 |a sport hall  |2 eng 
650 4 |a fitness  |2 eng 
650 4 |a wellness  |2 eng 
650 4 |a GLT truss  |2 eng 
650 4 |a fiber cement  |2 eng 
650 4 |a netting  |2 eng 
700 1 |a Bielek, Boris  |u 010180  |k Z1  |4 ths  |U SvF Stavebná fakulta  |T SvF Katedra konštrukcií pozemných stavieb  |X 4303  |U V180  |Y 18  |7 A000004303 
856 4 |u http://is.stuba.sk/zp/portal_zp.pl?podrobnosti=144824 
856 4 |u https://opac.crzp.sk/?fn=detailBiblioForm&sid=3BEC39B52C756B70CD0411A5CC71